00668nam a2200277Ia 4500008004100000020001800041050001400059100001800073245001800091245005300109260002500162260001600187260000900203300001500212300002800227300001000255440002100265500000900286650001100295650001000306650001300316650001600329650002200345700001200367700001100379190123s9999 xx 000 0 und d a9780516274935 bH232 2002 aHamsa, Bobbie 0aDirty Larry / 0cby Bobbie Hamsa ; illustrated by Donna Catanese. aNew York, New York : bScholastic, c2002 a23 pages : bcolored illustrations ; c18cm. aA rookie reader. a150L aBaths. aBoys. aHygiene. aSanitation. aStories in rhyme. aSeries. aTitle.